Obras escogidas / (Record no. 58923)

MARC details
000 -LEADER
campo de control de longitud fija 00831nam a2200241 i 4500
001 - NÚMERO DE CONTROL
campo de control 58923
003 - IDENTIFICADOR DE NÚMERO DE CONTROL
campo de control ES-MaACL
005 - FECHA Y HORA DE LA ÚLTIMA TRANSACCIÓN
campo de control 20250813063307.0
007 - CAMPO FIJO DE DESCRIPCIÓN FÍSICA--INFORMACIÓN GENERAL
campo de control de longitud fija t|
008 - DATOS DE LONGITUD FIJA--INFORMACIÓN GENERAL
campo de control de longitud fija 031024s1960 cu ||||1| spa d
080 ## - NÚMERO DE LA CLASIFICACIÓN DECIMAL UNIVERSAL
Número de la Clasificación Decimal Universal 821.134.2(87)-82"18"
100 1# - ENTRADA PRINCIPAL--NOMBRE DE PERSONA
Nombre de persona Echeverría, José Antonio,
Fechas asociadas al nombre 1815-1885
Término indicativo de función/relación Autor
9 (RLIN) 46575
245 10 - MENCIÓN DEL TÍTULO
Título Obras escogidas /
Mención de responsabilidad, etc. José Antonio Echeverría
260 ## - PUBLICACIÓN, DISTRIBUCIÓN, ETC.
Lugar de publicación, distribución, etc. La Habana :
Nombre del editor, distribuidor, etc. Dirección General de Cultura, Ministerio de Educación,
Fecha de publicación, distribución, etc. 1960
300 ## - DESCRIPCIÓN FÍSICA
Extensión 109 páginas ;
Dimensiones 20 cm
490 1# - MENCIÓN DE SERIE
Mención de serie Los mejores autores cubanos
RLIN 241723
710 1# - ENTRADA AGREGADA--NOMBRE DE ENTIDAD CORPORATIVA
Nombre de entidad corporativa o nombre de jurisdicción como elemento de entrada Cuba.
Unidad subordinada Dirección General de Cultura
Término indicativo de función/relación Editor
9 (RLIN) 146958
830 #4 - PUNTO DE ACCESO ADICIONAL DE SERIE-TÍTULO UNIFORME
9 (RLIN) 241723
Título uniforme Los mejores autores cubanos
852 4# - LOCALIZACIÓN
Ubicación ES-MaACL
Sublocalización o colección R.46170
Ubicación en estantería Galería
Número de control de estantería C-18481
942 ## - ELEMENTOS DE ENTRADA SECUNDARIOS (KOHA)
Fuente del sistema de clasificación o colocación Clasificación decimal universal
Tipo de ítem Koha Libro impreso
Suprimir en OPAC No
Holdings
Estatus retirado Estado de pérdida Estado de daño No para préstamo Biblioteca de origen Biblioteca actual Ubicación en estantería Fecha de adquisición Fuente de adquisición Total de préstamos Signatura topográfica completa Código de barras Visto por última vez Precio de reemplazo Tipo de ítem Koha
        Biblioteca del Ateneo de Madrid Biblioteca del Ateneo de Madrid Galería 17/01/2008     C-18481 1061811 23/02/2023 23/02/2023 Libro impreso